Sports Quiz

Random Sports Quiz

Two-Word FBC Mascots Quiz Stats

Quiz not verified by Sporcle

Also try: NCAA FBS Nicknames
Challenge
Share
Tweet
Embed
Score 0/26 Timer 05:00
0 Plays Today
School % Correct
Alabama
97.9%
California
97.2%
Notre Dame
97.2%
Illinois
96.5%
Duke
95.8%
Texas Tech
95.1%
Tulsa
95.1%
Arizona State
94.4%
Minnesota
94.4%
Penn State
94.4%
Georgia Tech
93.7%
North Carolina
93%
Tulane
93%
School % Correct
Army
91.5%
Arkansas State
91.5%
Louisiana-Lafayette
91.5%
Rutgers
91.5%
TCU
91.5%
Nevada
90.8%
Marshall
89.4%
North Texas
89.4%
Southern Mississippi
89.4%
Wake Forest
89.4%
Hawaii
88.7%
Kent State
88%
Middle Tennessee
83.1%

You're not logged in!

Compare scores with friends on all Sporcle quizzes.
Join for Free
OR
Log In

You Might Also Like...

Show Comments

Extras

Created Dec 26, 2013ReportNominate
Tags:2 Word, mascot, school

Top Quizzes Today


Score Distribution

Your Account Isn't Verified!

In order to create a playlist on Sporcle, you need to verify the email address you used during registration. Go to your Sporcle Settings to finish the process.

Report this User

Report this user for behavior that violates our Community Guidelines.

Details: